[Event "DEM U10 2021"]
[Site "Willingen GER"]
[Date "2021.08.27"]
[Round "8"]
[White "Böhler, Yannic"]
[Black "Junge, Mattheo Gabriel"]
[Result "1/2-1/2"]
[Termination "normal"]
[Board "19"]
[WhiteElo "1150"]
[BlackElo "1451"]
[WhiteClock "01:13:06"]
[BlackClock "01:15:30"]
[PlyCount "104"]
[WhiteFideId "34609059"]
[BlackFideId "34605908"]
[EventCountry "GER"]
[EventRounds "11"]
[EventType "swiss"]
[EventDate "2021.08.22"]

1. c4 {[%clk 01:13:06]} e5 {[%clk 01:15:30]} 2. Nc3 {[%clk 01:13:06]} Nc6
{[%clk 01:15:30]} 3. Nf3 {[%clk 01:13:06]} g6 {[%clk 01:15:30]} 4. g3 {[%clk
01:13:06]} Bg7 {[%clk 01:15:30]} 5. Bg2 {[%clk 01:13:06]} Nge7 {[%clk
01:15:30]} 6. d3 {[%clk 01:13:06]} d6 {[%clk 01:15:30]} 7. Rb1 {[%clk
01:13:06]} a5 {[%clk 01:15:30]} 8. a3 {[%clk 01:13:06]} h6 {[%clk 01:15:30]} 9.
b4 {[%clk 01:13:06]} g5 {[%clk 01:15:30]} 10. b5 {[%clk 01:13:06]} Na7 {[%clk
01:15:30]} 11. Qa4 {[%clk 01:13:06]} b6 {[%clk 01:15:30]} 12. Bb2 {[%clk
01:13:06]} Rb8 {[%clk 01:15:30]} 13. O-O {[%clk 01:13:06]} Be6 {[%clk
01:15:30]} 14. Rfd1 {[%clk 01:13:06]} Ng6 {[%clk 01:15:30]} 15. d4 {[%clk
01:13:06]} Bf5 {[%clk 01:15:30]} 16. e4 {[%clk 01:13:06]} Bg4 {[%clk 01:15:30]}
17. h3 {[%clk 01:13:06]} Bxf3 {[%clk 01:15:30]} 18. Bxf3 {[%clk 01:13:06]} exd4
{[%clk 01:15:30]} 19. Ne2 {[%clk 01:13:06]} Ne5 {[%clk 01:15:30]} 20. Nxd4
{[%clk 01:13:06]} Qc8 {[%clk 01:15:30]} 21. Bg2 {[%clk 01:13:06]} Nd7 {[%clk
01:15:30]} 22. Nc6 {[%clk 01:13:06]} Nc5 {[%clk 01:15:30]} 23. Qc2 {[%clk
01:13:06]} Nxc6 {[%clk 01:15:30]} 24. Bxg7 {[%clk 01:13:06]} Rg8 {[%clk
01:15:30]} 25. Bf6 {[%clk 01:13:06]} Ne5 {[%clk 01:15:30]} 26. Bxe5 {[%clk
01:13:06]} dxe5 {[%clk 01:15:30]} 27. Rd5 {[%clk 01:13:06]} f6 {[%clk
01:15:30]} 28. Rbd1 {[%clk 01:13:06]} h5 {[%clk 01:15:30]} 29. Qe2 {[%clk
01:13:06]} g4 {[%clk 01:15:30]} 30. hxg4 {[%clk 01:13:06]} Rxg4 {[%clk
01:15:30]} 31. Bh3 {[%clk 01:13:06]} Rxg3+ {[%clk 01:15:30]} 32. fxg3 {[%clk
01:13:06]} Qxh3 {[%clk 01:15:30]} 33. Qg2 {[%clk 01:13:06]} Qxg2+ {[%clk
01:15:30]} 34. Kxg2 {[%clk 01:13:06]} Nxe4 {[%clk 01:15:30]} 35. Rh1 {[%clk
01:13:06]} Rd8 {[%clk 01:15:30]} 36. Rxd8+ {[%clk 01:13:06]} Kxd8 {[%clk
01:15:30]} 37. Rxh5 {[%clk 01:13:06]} Ke7 {[%clk 01:15:30]} 38. Rh4 {[%clk
01:13:06]} Ng5 {[%clk 01:15:30]} 39. Kf2 {[%clk 01:13:06]} Kd6 {[%clk
01:15:30]} 40. Ke3 {[%clk 01:13:06]} Ke6 {[%clk 01:15:30]} 41. Kd3 {[%clk
01:13:06]} Nf3 {[%clk 01:15:30]} 42. Rg4 {[%clk 01:13:06]} Ng5 {[%clk
01:15:30]} 43. c5 {[%clk 01:13:06]} Kd5 {[%clk 01:15:30]} 44. cxb6 {[%clk
01:13:06]} cxb6 {[%clk 01:15:30]} 45. Rc4 {[%clk 01:13:06]} f5 {[%clk
01:15:30]} 46. Rc6 {[%clk 01:13:06]} Ne4 {[%clk 01:15:30]} 47. Rxb6 {[%clk
01:13:06]} Nxg3 {[%clk 01:15:30]} 48. Rf6 {[%clk 01:13:06]} Ne4 {[%clk
01:15:30]} 49. Rxf5 {[%clk 01:13:06]} Nd6 {[%clk 01:15:30]} 50. b6 {[%clk
01:13:06]} Kc6 {[%clk 01:15:30]} 51. Rxe5 {[%clk 01:13:06]} Kxb6 {[%clk
01:15:30]} 52. Re6 {[%clk 01:13:06]} Kc5 {[%clk 01:15:30]} 1/2-1/2

[Event "DEM U10 2021"]
[Site "Willingen GER"]
[Date "2021.08.27"]
[Round "8"]
[White "Burban, Victor"]
[Black "Burban, Bogdan"]
[Result "1/2-1/2"]
[Termination "normal"]
[Board "20"]
[WhiteElo "1215"]
[BlackElo "1062"]
[WhiteClock "00:44:29"]
[BlackClock "00:35:51"]
[PlyCount "41"]
[WhiteFideId "34609032"]
[BlackFideId "34609040"]
[EventCountry "GER"]
[EventRounds "11"]
[EventType "swiss"]
[EventDate "2021.08.22"]

1. e4 {[%clk 01:15:59]} {[%emt 00:00:01]} e6 {[%clk 01:15:46]} {[%emt
00:00:14]} 2. d4 {[%clk 01:16:08]} {[%emt 00:00:21]} d5 {[%clk 01:16:00]}
{[%emt 00:00:16]} 3. e5 {[%clk 01:16:06]} {[%emt 00:00:32]} c5 {[%clk
01:15:32]} {[%emt 00:00:57]} 4. c3 {[%clk 01:16:21]} {[%emt 00:00:15]} Qb6
{[%clk 01:15:13]} {[%emt 00:00:49]} 5. Nf3 {[%clk 01:16:25]} {[%emt 00:00:26]}
Nc6 {[%clk 01:15:03]} {[%emt 00:00:40]} 6. a3 {[%clk 01:16:29]} {[%emt
00:00:26]} Nh6 {[%clk 01:14:44]} {[%emt 00:00:49]} 7. b4 {[%clk 01:13:20]}
{[%emt 00:03:39]} cxd4 {[%clk 01:13:23]} {[%emt 00:01:51]} 8. cxd4 {[%clk
01:13:31]} {[%emt 00:00:19]} Nf5 {[%clk 01:12:37]} {[%emt 00:01:17]} 9. Bb2
{[%clk 01:10:17]} {[%emt 00:03:44]} Bd7 {[%clk 01:10:24]} {[%emt 00:02:42]} 10.
g4 {[%clk 01:07:15]} {[%emt 00:03:33]} Nfe7 {[%clk 01:07:20]} {[%emt 00:03:34]}
11. Nc3 {[%clk 01:03:06]} {[%emt 00:04:39]} Na5 {[%clk 01:02:36]} {[%emt
00:05:13]} 12. Qc2 {[%clk 01:01:51]} {[%emt 00:01:45]} Nc4 {[%clk 01:00:59]}
{[%emt 00:02:07]} 13. Bxc4 {[%clk 01:00:53]} {[%emt 00:01:27]} dxc4 {[%clk
01:00:44]} {[%emt 00:00:46]} 14. Nd2 {[%clk 00:59:04]} {[%emt 00:02:19]} Qc6
{[%clk 00:50:52]} {[%emt 00:10:22]} 15. Nce4 {[%clk 00:55:42]} {[%emt
00:03:52]} c3 {[%clk 00:43:54]} {[%emt 00:07:28]} 16. Nd6+ {[%clk 00:48:50]}
{[%emt 00:07:23]} Kd8 {[%clk 00:43:06]} {[%emt 00:01:17]} 17. Nxf7+ {[%clk
00:47:01]} {[%emt 00:02:19]} Ke8 {[%clk 00:39:59]} {[%emt 00:03:38]} 18. Nd6+
{[%clk 00:45:28]} {[%emt 00:02:02]} Kd8 {[%clk 00:38:08]} {[%emt 00:02:21]} 19.
Nf7+ {[%clk 00:44:43]} {[%emt 00:01:16]} Ke8 {[%clk 00:36:07]} {[%emt
00:02:30]} 20. Nd6+ {[%clk 00:44:29]} {[%emt 00:00:45]} Kd8 {[%clk 00:35:51]}
{[%emt 00:00:46]} 21. Nf7+ {[%emt 00:03:38]} 1/2-1/2

[Event "DEM U10 2021"]
[Site "Willingen GER"]
[Date "2021.08.27"]
[Round "8"]
[White "Fettig, Michel"]
[Black "Moskalenko, Michael"]
[Result "1-0"]
[Termination "normal"]
[Board "21"]
[WhiteElo "1297"]
[BlackElo "1220"]
[WhiteClock "00:13:51"]
[BlackClock "00:23:26"]
[PlyCount "71"]
[WhiteFideId "34608982"]
[BlackFideId "34608877"]
[EventCountry "GER"]
[EventRounds "11"]
[EventType "swiss"]
[EventDate "2021.08.22"]

1. c4 {[%clk 01:15:59]} e6 {[%clk 01:15:54]} {[%emt 00:00:06]} 2. g3 {[%clk
01:16:25]} {[%emt 00:00:05]} d5 {[%clk 01:16:18]} {[%emt 00:00:06]} 3. Bg2
{[%clk 01:16:48]} {[%emt 00:00:06]} Nf6 {[%clk 01:16:38]} {[%emt 00:00:09]} 4.
d4 {[%clk 01:17:06]} {[%emt 00:00:12]} Be7 {[%clk 01:15:23]} {[%emt 00:01:45]}
5. cxd5 {[%clk 01:16:56]} {[%emt 00:00:41]} exd5 {[%clk 01:15:41]} {[%emt
00:00:12]} 6. Nf3 {[%clk 01:17:14]} {[%emt 00:00:11]} O-O {[%clk 01:15:58]}
{[%emt 00:00:13]} 7. O-O {[%clk 01:17:34]} {[%emt 00:00:09]} Nc6 {[%clk
01:14:43]} {[%emt 00:01:47]} 8. Nc3 {[%clk 01:16:19]} {[%emt 00:01:44]} b6
{[%clk 01:14:28]} {[%emt 00:00:45]} 9. Bf4 {[%clk 01:15:19]} {[%emt 00:01:31]}
Bb7 {[%clk 01:14:32]} {[%emt 00:00:25]} 10. Nb5 {[%clk 01:14:29]} {[%emt
00:01:19]} Rc8 {[%clk 01:13:06]} {[%emt 00:01:56]} 11. Bh3 {[%clk 01:12:32]}
{[%emt 00:02:28]} Nd7 {[%clk 01:11:48]} {[%emt 00:01:49]} 12. Nc3 {[%clk
01:09:36]} {[%emt 00:03:27]} Na5 {[%clk 01:06:19]} {[%emt 00:05:59]} 13. Ne5
{[%clk 01:05:42]} {[%emt 00:04:24]} f5 {[%clk 01:01:49]} {[%emt 00:05:00]} 14.
Bg2 {[%clk 01:01:41]} {[%emt 00:04:28]} Nxe5 {[%clk 01:02:01]} {[%emt
00:00:20]} 15. Bxe5 {[%clk 01:01:24]} {[%emt 00:00:47]} Bf6 {[%clk 01:01:27]}
{[%emt 00:01:04]} 16. Bxf6 {[%clk 00:57:40]} {[%emt 00:04:14]} Rxf6 {[%clk
01:01:32]} {[%emt 00:00:25]} 17. e3 {[%clk 00:55:40]} {[%emt 00:02:30]} c6
{[%clk 01:00:47]} {[%emt 00:01:15]} 18. Bh3 {[%clk 00:52:59]} {[%emt 00:03:11]}
Rb8 {[%clk 00:52:08]} {[%emt 00:09:10]} 19. Qd3 {[%clk 00:45:16]} {[%emt
00:08:13]} Qc8 {[%clk 00:47:49]} {[%emt 00:04:49]} 20. e4 {[%clk 00:42:44]}
{[%emt 00:03:01]} Ba6 {[%clk 00:48:00]} {[%emt 00:00:20]} 21. Qc2 {[%clk
00:40:02]} {[%emt 00:03:11]} Bxf1 {[%clk 00:48:11]} {[%emt 00:00:17]} 22. Rxf1
{[%clk 00:39:50]} {[%emt 00:00:43]} Qe8 {[%clk 00:45:59]} {[%emt 00:02:42]} 23.
exd5 {[%clk 00:36:19]} {[%emt 00:04:02]} Qh5 {[%clk 00:44:55]} {[%emt
00:01:34]} 24. Bg2 {[%clk 00:34:24]} {[%emt 00:02:25]} f4 {[%clk 00:42:18]}
{[%emt 00:03:07]} 25. Ne4 {[%clk 00:28:26]} {[%emt 00:06:28]} Rh6 {[%clk
00:34:14]} {[%emt 00:08:34]} 26. h4 {[%clk 00:27:44]} {[%emt 00:01:09]} Qf5
{[%clk 00:33:25]} {[%emt 00:01:22]} 27. b4 {[%clk 00:18:15]} {[%emt 00:10:00]}
cxd5 {[%clk 00:32:15]} {[%emt 00:01:39]} 28. bxa5 {[%clk 00:17:56]} {[%emt
00:00:49]} dxe4 {[%clk 00:31:26]} {[%emt 00:01:19]} 29. axb6 {[%clk 00:16:57]}
{[%emt 00:01:29]} f3 {[%clk 00:31:22]} {[%emt 00:00:34]} 30. bxa7 {[%clk
00:16:08]} {[%emt 00:01:19]} Ra8 {[%clk 00:30:58]} {[%emt 00:00:54]} 31. Qb3+
{[%clk 00:16:24]} {[%emt 00:00:14]} Qf7 {[%clk 00:27:12]} {[%emt 00:04:15]} 32.
Qb8+ {[%clk 00:16:27]} {[%emt 00:00:28]} Qf8 {[%clk 00:27:18]} {[%emt
00:00:24]} 33. Rb1 {[%clk 00:15:44]} {[%emt 00:01:12]} Rf6 {[%clk 00:26:29]}
{[%emt 00:01:19]} 34. Bf1 {[%clk 00:14:03]} {[%emt 00:02:12]} h6 {[%clk
00:23:38]} {[%emt 00:03:20]} 35. Bc4+ {[%clk 00:13:46]} {[%emt 00:00:48]} Kh8
{[%clk 00:23:26]} {[%emt 00:00:41]} 36. Bd5 {[%clk 00:13:51]} {[%emt 00:00:27]}
1-0

[Event "DEM U10 2021"]
[Site "Willingen GER"]
[Date "2021.08.27"]
[Round "8"]
[White "Senel, Serdar"]
[Black "Zimmer, Tim"]
[Result "0-1"]
[Termination "normal"]
[Board "22"]
[WhiteElo "1179"]
[BlackElo "1013"]
[WhiteClock "00:22:48"]
[BlackClock "00:04:51"]
[PlyCount "87"]
[WhiteFideId "34608796"]
[BlackFideId "34603115"]
[EventCountry "GER"]
[EventRounds "11"]
[EventType "swiss"]
[EventDate "2021.08.22"]

1. e4 {[%clk 01:15:53]} {[%emt 00:00:06]} e5 {[%clk 01:15:43]} {[%emt
00:00:18]} 2. Nf3 {[%clk 01:16:00]} {[%emt 00:00:23]} Nc6 {[%clk 01:15:59]}
{[%emt 00:00:14]} 3. Bb5 {[%clk 01:15:52]} {[%emt 00:00:36]} a6 {[%clk
01:11:03]} {[%emt 00:05:29]} 4. Bxc6 {[%clk 01:15:52]} {[%emt 00:00:30]} dxc6
{[%clk 01:11:15]} {[%emt 00:00:18]} 5. d3 {[%clk 01:15:37]} {[%emt 00:00:45]}
Bg4 {[%clk 00:58:14]} {[%emt 00:13:31]} 6. h3 {[%clk 01:10:08]} {[%emt
00:05:59]} Bxf3 {[%clk 00:57:22]} {[%emt 00:01:22]} 7. Qxf3 {[%clk 01:07:08]}
{[%emt 00:02:45]} Qf6 {[%clk 00:54:17]} {[%emt 00:04:20]} 8. Nd2 {[%clk
01:02:58]} {[%emt 00:04:40]} Qxf3 {[%clk 00:49:41]} {[%emt 00:05:06]} 9. Nxf3
{[%clk 01:00:23]} {[%emt 00:02:42]} f6 {[%clk 00:46:54]} {[%emt 00:03:41]} 10.
g4 {[%clk 00:56:58]} {[%emt 00:03:55]} O-O-O {[%clk 00:43:38]} {[%emt
00:03:45]} 11. g5 {[%clk 00:55:13]} {[%emt 00:02:14]} Be7 {[%clk 00:26:41]}
{[%emt 00:17:28]} 12. gxf6 {[%clk 00:49:35]} {[%emt 00:06:07]} Bxf6 {[%clk
00:25:04]} {[%emt 00:02:09]} 13. Bg5 {[%clk 00:46:42]} {[%emt 00:03:22]} Ne7
{[%clk 00:16:54]} {[%emt 00:08:40]} 14. Nxe5 {[%clk 00:41:30]} {[%emt
00:05:38]} Bxe5 {[%clk 00:15:46]} {[%emt 00:01:40]} 15. Bxe7 {[%clk 00:41:08]}
{[%emt 00:00:52]} Bxb2 {[%clk 00:15:44]} {[%emt 00:00:33]} 16. Bxd8 {[%clk
00:40:35]} {[%emt 00:01:02]} Bxa1 {[%clk 00:15:52]} {[%emt 00:00:22]} 17. Bg5
{[%clk 00:40:03]} {[%emt 00:01:03]} Bd4 {[%clk 00:15:13]} {[%emt 00:01:10]} 18.
Be3 {[%clk 00:38:26]} {[%emt 00:02:06]} Bxe3 {[%clk 00:08:40]} {[%emt
00:07:04]} 19. fxe3 {[%clk 00:38:26]} {[%emt 00:00:28]} Rf8 {[%clk 00:07:14]}
{[%emt 00:01:58]} 20. Rf1 {[%clk 00:37:13]} {[%emt 00:01:41]} Rxf1+ {[%clk
00:04:25]} {[%emt 00:03:20]} 21. Kxf1 {[%clk 00:33:54]} {[%emt 00:03:48]} Kd7
{[%clk 00:04:20]} {[%emt 00:00:36]} 22. Kf2 {[%clk 00:33:13]} {[%emt 00:01:11]}
g5 {[%clk 00:03:56]} {[%emt 00:00:54]} 23. Kg3 {[%clk 00:32:11]} {[%emt
00:01:33]} h5 {[%clk 00:03:55]} {[%emt 00:00:31]} 24. d4 {[%clk 00:31:28]}
{[%emt 00:01:13]} Ke6 {[%clk 00:03:25]} {[%emt 00:00:59]} 25. c3 {[%clk
00:28:52]} {[%emt 00:03:06]} b5 {[%clk 00:02:26]} {[%emt 00:01:28]} 26. Kf3
{[%clk 00:27:06]} {[%emt 00:02:17]} c5 {[%clk 00:01:27]} {[%emt 00:01:30]} 27.
a3 {[%clk 00:25:31]} {[%emt 00:02:05]} a5 {[%clk 00:01:22]} {[%emt 00:00:34]}
28. dxc5 {[%clk 00:23:06]} {[%emt 00:02:55]} Ke5 {[%clk 00:01:34]} {[%emt
00:00:18]} 29. c6 {[%clk 00:22:20]} {[%emt 00:01:17]} a4 {[%clk 00:01:41]}
{[%emt 00:00:22]} 30. Ke2 {[%clk 00:20:49]} {[%emt 00:02:02]} Kxe4 {[%clk
00:01:43]} {[%emt 00:00:28]} 31. Kd2 {[%clk 00:21:04]} {[%emt 00:00:15]} g4
{[%clk 00:01:48]} {[%emt 00:00:25]} 32. hxg4 {[%clk 00:21:04]} {[%emt
00:00:30]} hxg4 {[%clk 00:02:11]} {[%emt 00:00:06]} 33. Ke2 {[%clk 00:21:26]}
{[%emt 00:00:08]} g3 {[%clk 00:02:28]} {[%emt 00:00:13]} 34. Kf1 {[%clk
00:21:45]} {[%emt 00:00:12]} Kxe3 {[%clk 00:02:47]} {[%emt 00:00:11]} 35. Kg2
{[%clk 00:22:07]} {[%emt 00:00:07]} Kf4 {[%clk 00:02:57]} {[%emt 00:00:20]} 36.
Kf1 {[%clk 00:22:24]} {[%emt 00:00:13]} Kf3 {[%clk 00:03:11]} {[%emt 00:00:16]}
37. Kg1 {[%clk 00:22:44]} {[%emt 00:00:10]} g2 {[%clk 00:03:32]} {[%emt
00:00:09]} 38. c4 {[%clk 00:21:51]} {[%emt 00:01:22]} bxc4 {[%clk 00:03:57]}
{[%emt 00:00:06]} 39. Kh2 {[%clk 00:22:11]} {[%emt 00:00:10]} Kf2 {[%clk
00:04:23]} {[%emt 00:00:04]} 40. Kh3 {[%clk 00:22:33]} {[%emt 00:00:07]} g1=Q
{[%emt 00:00:09]} 41. Kh4 {[%emt 00:00:11]} Kf3 {[%clk 00:04:29]} {[%emt
00:00:05]} 42. Kh5 {[%emt 00:00:03]} Kf4 {[%emt 00:00:07]} 43. Kh6 {[%clk
00:22:48]} {[%emt 00:00:04]} Kf5 {[%clk 00:04:51]} 44. Kh7 {[%clk 00:22:48]}
0-1

[Event "DEM U10 2021"]
[Site "Willingen GER"]
[Date "2021.08.27"]
[Round "8"]
[White "Sheng, Ming"]
[Black "Krüger, Moritz"]
[Result "1/2-1/2"]
[Termination "normal"]
[Board "23"]
[WhiteElo "1266"]
[BlackElo "1187"]
[WhiteClock "00:40:31"]
[BlackClock "00:22:15"]
[PlyCount "109"]
[WhiteFideId "34605258"]
[BlackFideId "34608923"]
[EventCountry "GER"]
[EventRounds "11"]
[EventType "swiss"]
[EventDate "2021.08.22"]

1. e4 {[%clk 01:15:55]} {[%emt 00:00:05]} e6 {[%clk 01:15:55]} {[%emt
00:00:05]} 2. d4 {[%clk 01:16:13]} {[%emt 00:00:10]} d5 {[%clk 01:15:22]}
{[%emt 00:01:06]} 3. exd5 {[%clk 01:14:50]} {[%emt 00:01:53]} exd5 {[%clk
01:15:25]} {[%emt 00:00:27]} 4. Nf3 {[%clk 01:14:55]} {[%emt 00:00:21]} Nf6
{[%clk 01:15:51]} {[%emt 00:00:07]} 5. Bd3 {[%clk 01:15:03]} {[%emt 00:00:16]}
Bd6 {[%clk 01:15:03]} {[%emt 00:01:24]} 6. O-O {[%clk 01:14:58]} {[%emt
00:00:30]} O-O {[%clk 01:15:32]} 7. c3 {[%clk 01:14:44]} {[%emt 00:00:43]} c6
{[%clk 01:14:29]} {[%emt 00:01:41]} 8. Bg5 {[%clk 01:14:49]} {[%emt 00:00:17]}
Bg4 {[%clk 01:14:57]} 9. Nbd2 {[%clk 01:14:47]} {[%emt 00:00:36]} Nbd7 {[%clk
01:15:25]} {[%emt 00:00:08]} 10. Qc2 {[%clk 01:14:56]} {[%emt 00:00:11]} h6
{[%clk 01:13:43]} {[%emt 00:02:21]} 11. Bh4 {[%clk 01:14:50]} {[%emt 00:00:27]}
Qc7 {[%clk 01:11:37]} {[%emt 00:02:44]} 12. Bg3 {[%clk 01:13:45]} {[%emt
00:01:24]} Bxg3 {[%emt 00:01:01]} 13. fxg3 {[%clk 01:11:17]} {[%emt 00:01:15]}
Rfe8 {[%clk 01:08:51]} {[%emt 00:04:39]} 14. Rae1 {[%clk 01:09:42]} {[%emt
00:02:02]} Rxe1 {[%clk 01:04:12]} {[%emt 00:05:14]} 15. Rxe1 {[%clk 01:09:42]}
{[%emt 00:00:26]} Re8 {[%clk 01:04:07]} {[%emt 00:00:39]} 16. Rxe8+ {[%clk
01:09:19]} {[%emt 00:00:49]} Nxe8 {[%clk 01:04:16]} {[%emt 00:00:23]} 17. Bf5
{[%clk 01:07:53]} {[%emt 00:01:38]} Bxf5 {[%clk 00:59:14]} {[%emt 00:05:53]}
18. Qxf5 {[%clk 01:06:53]} {[%emt 00:01:15]} Ndf6 {[%clk 00:58:51]} {[%emt
00:01:07]} 19. Ne5 {[%clk 01:05:42]} {[%emt 00:01:38]} Nd6 {[%clk 00:57:31]}
{[%emt 00:01:52]} 20. Qf4 {[%clk 01:04:49]} {[%emt 00:01:09]} Nde4 {[%clk
00:50:25]} {[%emt 00:07:49]} 21. Nxe4 {[%clk 01:01:48]} {[%emt 00:02:55]} Nxe4
{[%clk 00:50:01]} {[%emt 00:01:31]} 22. Nd3 {[%clk 01:01:02]} {[%emt 00:01:07]}
Qxf4 {[%clk 00:48:16]} {[%emt 00:02:24]} 23. gxf4 {[%clk 01:00:48]} {[%emt
00:00:34]} f6 {[%clk 00:48:25]} {[%emt 00:00:32]} 24. Kf1 {[%clk 00:59:28]}
{[%emt 00:01:42]} Nd6 {[%clk 00:47:43]} {[%emt 00:01:18]} 25. Ke2 {[%clk
00:59:27]} {[%emt 00:00:25]} Kf7 {[%clk 00:41:31]} {[%emt 00:06:48]} 26. Nc5
{[%clk 00:58:11]} {[%emt 00:01:21]} Ke7 {[%clk 00:37:38]} {[%emt 00:04:47]} 27.
g4 {[%clk 00:57:29]} {[%emt 00:00:57]} f5 {[%clk 00:34:12]} {[%emt 00:04:13]}
28. gxf5 {[%clk 00:57:19]} {[%emt 00:00:34]} b6 {[%clk 00:34:27]} {[%emt
00:00:17]} 29. Nd3 {[%clk 00:57:21]} {[%emt 00:00:32]} Nxf5 {[%clk 00:32:14]}
{[%emt 00:02:43]} 30. Ne5 {[%clk 00:56:48]} {[%emt 00:00:50]} Kd6 {[%clk
00:31:53]} {[%emt 00:01:03]} 31. Nd3 {[%clk 00:54:05]} {[%emt 00:03:05]} c5
{[%clk 00:30:47]} {[%emt 00:01:46]} 32. dxc5+ {[%clk 00:54:19]} {[%emt
00:00:16]} bxc5 {[%clk 00:27:34]} {[%emt 00:03:43]} 33. h3 {[%clk 00:52:41]}
{[%emt 00:01:59]} d4 {[%clk 00:27:40]} {[%emt 00:00:33]} 34. c4 {[%clk
00:50:36]} {[%emt 00:02:14]} Ne3 {[%clk 00:27:37]} {[%emt 00:00:54]} 35. b3
{[%clk 00:49:43]} {[%emt 00:01:13]} a5 {[%clk 00:25:50]} {[%emt 00:02:26]} 36.
Kf3 {[%clk 00:46:50]} {[%emt 00:03:13]} Nd1 {[%clk 00:23:44]} {[%emt 00:02:46]}
37. a3 {[%clk 00:45:38]} {[%emt 00:01:43]} Ne3 {[%clk 00:23:44]} {[%emt
00:00:30]} 38. b4 {[%clk 00:43:38]} {[%emt 00:02:19]} axb4 {[%clk 00:22:23]}
{[%emt 00:02:02]} 39. axb4 {[%clk 00:42:38]} {[%emt 00:01:29]} cxb4 {[%clk
00:22:25]} {[%emt 00:00:28]} 40. Nxb4 {[%clk 00:42:28]} {[%emt 00:00:41]} Nxc4
{[%clk 00:22:15]} {[%emt 00:00:40]} 41. Ke4 {[%clk 00:42:35]} {[%emt 00:00:18]}
Kc5 {[%emt 00:02:30]} 42. Nd3+ {[%clk 00:42:03]} {[%emt 00:00:03]} Kd6 {[%clk
00:21:40]} {[%emt 00:00:08]} 43. Kxd4 {[%clk 00:42:15]} {[%emt 00:00:19]} Nd2
{[%clk 00:21:48]} {[%emt 00:00:21]} 44. Ke3 {[%clk 00:41:18]} {[%emt 00:01:26]}
Nc4+ {[%clk 00:22:12]} {[%emt 00:00:08]} 45. Ke4 {[%clk 00:41:35]} {[%emt
00:00:13]} Ke6 {[%clk 00:22:24]} {[%emt 00:00:16]} 46. Nc5+ {[%clk 00:40:46]}
{[%emt 00:01:21]} Kf6 {[%emt 00:00:51]} 47. Nd7+ {[%clk 00:40:50]} {[%emt
00:00:02]} Ke6 {[%clk 00:21:59]} {[%emt 00:00:57]} 48. Nc5+ {[%clk 00:40:58]}
{[%emt 00:00:23]} Kf6 {[%clk 00:22:20]} {[%emt 00:00:08]} 49. f5 {[%clk
00:40:54]} {[%emt 00:00:31]} Nd6+ {[%clk 00:21:40]} {[%emt 00:01:13]} 50. Kf4
{[%clk 00:40:29]} {[%emt 00:00:56]} Nxf5 {[%clk 00:21:58]} {[%emt 00:00:12]}
51. Nd7+ {[%clk 00:40:37]} {[%emt 00:00:23]} Kg6 {[%clk 00:22:03]} {[%emt
00:00:24]} 52. Ne5+ {[%clk 00:40:52]} {[%emt 00:00:15]} Kf6 {[%clk 00:22:18]}
{[%emt 00:00:14]} 53. Nd7+ {[%clk 00:41:04]} {[%emt 00:00:19]} Kg6 {[%clk
00:21:54]} {[%emt 00:00:54]} 54. Ne5+ {[%clk 00:40:23]} {[%emt 00:01:11]} Kf6
{[%clk 00:22:15]} {[%emt 00:00:08]} 55. Nd7+ {[%clk 00:40:31]} {[%emt
00:00:23]} 1/2-1/2